This land of snow : a journey across the north in ... Read More
Available copies
- 1 of 2 copies available at LARL/NWRL Consortium. (Show)
- 1 of 2 copies available at Lake Agassiz Regional Library.
Current holds
0 current holds with 2 total copies.
Show Only Available Copies
| Location | Call Number / Copy Notes | Barcode | Shelving Location | Status | Due Date |
|---|---|---|---|---|---|
| Detroit Lakes Public Library | 921 MOR (Text) | 33500013508841 | Main | Checked out | 05/11/2026 |
| Moorhead Public Library | 921 MOR (Text) | 33500013508858 | Main | Available | - |
Record details
- ISBN: 9781680512724
- ISBN: 1680512722
- Physical Description: 254 pages ; 23 cm
- Publisher: Seattle, WA : Mountaineers Books, [2020]
Content descriptions
| Bibliography, etc. Note: | Includes bibliographical references. |
| Summary, etc.: | "A coming-of-middle-age story in which the author ... Read More |
Search for related items by subject
| Subject: | Morley, Anders, 1978- Skiers > Canada > Biography. Skis and skiing > Canada. Skiers. Skis and skiing. Canada. |
| Genre: | Biographies. |
| LDR | 01716cam a2200445 i 4500 | ||
|---|---|---|---|
| 001 | 352025 | ||
| 003 | LARL_NWRL_CONSORTIUM | ||
| 005 | 20200928125327.0 | ||
| 008 | 200203s2020 wau b 000 0aeng | ||
| 010 | . | ‡a 2020004781 | |
| 040 | . | ‡aDLC ‡beng ‡erda ‡cDLC ‡dOCLCO ‡dYDX ‡dOCLCF ‡dBDX ‡dYDX | |
| 020 | . | ‡a9781680512724 ‡qtrade paperback | |
| 020 | . | ‡a1680512722 ‡qtrade paperback | |
| 020 | . | ‡z9781680512731 ‡qelectronic publication | |
| 035 | . | ‡a(OCoLC)1139013345 | |
| 042 | . | ‡apcc | |
| 043 | . | ‡an-cn--- | |
| 082 | 0 | 0. | ‡a796.93092 ‡aB ‡223 |
| 100 | 1 | . | ‡aMorley, Anders, ‡d1978- ‡eauthor. |
| 245 | 1 | 0. | ‡aThis land of snow : ‡ba journey across the north in winter / ‡cAnders Morley. |
| 264 | 1. | ‡aSeattle, WA : ‡bMountaineers Books, ‡c[2020] | |
| 300 | . | ‡a254 pages ; ‡c23 cm | |
| 336 | . | ‡atext ‡btxt ‡2rdacontent | |
| 337 | . | ‡aunmediated ‡bn ‡2rdamedia | |
| 338 | . | ‡avolume ‡bnc ‡2rdacarrier | |
| 504 | . | ‡aIncludes bibliographical references. | |
| 520 | . | ‡a"A coming-of-middle-age story in which the author skis across Canada in winter"-- ‡cProvided by publisher. | |
| 600 | 1 | 0. | ‡aMorley, Anders, ‡d1978- |
| 650 | 0. | ‡aSkiers ‡zCanada ‡vBiography. | |
| 650 | 0. | ‡aSkis and skiing ‡zCanada. | |
| 650 | 7. | ‡aSkiers. ‡2fast ‡0(LARL_NWRL_CONSORTIUM)31078 | |
| 650 | 7. | ‡aSkis and skiing. ‡2fast ‡0(LARL_NWRL_CONSORTIUM)31094 | |
| 651 | 7. | ‡aCanada. ‡2fast ‡0(LARL_NWRL_CONSORTIUM)1789 | |
| 655 | 7. | ‡aBiographies. ‡2fast | |
| 776 | 0 | 8. | ‡iOnline version: ‡aMorley, Anders, ‡tThis land of snow ‡dSeattle, WA : Mountaineers Books, [2020] ‡z9781680512731 ‡w(DLC) 2020004782 |
| 905 | . | ‡uvanderl | |
| 901 | . | ‡a352025 ‡b ‡c352025 ‡tbiblio ‡soclc | |

Add to basket
Permalink
Disable Highlighting